|
|
|
|
| LEADER |
00000cam a2200000 a 4500 |
| 001 |
vtls001070691 |
| 003 |
SK-MaSNL |
| 005 |
20260301182954.0 |
| 008 |
250414s1992 xo g 0000e slo |
| 015 |
|
|
|a SNBA1993/03
|
| 020 |
|
|
|a 8071270571
|q (brož.)
|
| 035 |
|
|
|a SNK000013522
|
| 040 |
|
|
|a SNK
|b slo
|c SNK
|e AACR2
|
| 041 |
0 |
|
|a slo
|
| 044 |
|
|
|a xo
|c SK
|
| 080 |
|
|
|a 37(081)
|2 1981
|
| 100 |
1 |
|
|a Kováč, Ladislav
|4 aut
|9 337940
|
| 245 |
1 |
0 |
|a Krása a vznešenosť učiteľského povolania
|b výber z esejí o vzdelávaní, vede, národe a politike (1968-1990)
|c Ladislav Kováč
|
| 250 |
|
|
|a 1. vyd.
|
| 260 |
|
|
|a Bratislava
|b Bradlo
|c 1992
|
| 300 |
|
|
|a 203 s.
|c 20 cm
|
| 852 |
|
|
|a Slovenská národná knižnica
|
| 919 |
|
|
|a 80-7127-057-1
|
| 954 |
|
|
|a pedagogika
|
| 958 |
|
|
|a TL
|
| 999 |
|
|
|c 855401
|d 857331
|
| 952 |
|
|
|a SNK
|b SNK
|y VYP
|7 0
|p 17A0121393
|o snkSD 65054 D1
|i snkKSP 1274/93
|0 0
|1 0
|4 0
|d 1998-02-13
|l 0
|r 2004-12-31 00:00:00
|w 2026-02-24
|
| 952 |
|
|
|a SNK
|b SNK
|y PREZ
|7 0
|p 17A1045504
|o snkSD 65054
|0 0
|1 0
|4 0
|d 2013-07-19
|l 0
|r 2026-02-24 04:54:53
|w 2026-02-24
|